000 00511nam a2200181Ia 4500
999 _c37159
_d37159
003 OSt
005 20210419112738.0
008 190216s9999||||xx |||||||||||||| ||und||
020 _a8189301098
040 _coclc
082 _a330
_bSHI/U
100 _aShirur, Sriniwas
_98426
245 0 _aUGC NET / SLET Economics /
_cSriniwas Shirur
260 _bDanika Publishing Company,
_c2009.
_aNew Delhi:
300 _a851p
650 _aEconomics
942 _cBK
_2ddc
_h330
_iSHI/U
_k330
_mSHI/U